Employment issues and multiple sclerosis (Record no. 913)
[ view plain ]
| 000 -LEADER | |
|---|---|
| fixed length control field | 02391nam a22003614a 4500 |
| 082 04 - DEWEY DECIMAL CLASSIFICATION NUMBER | |
| Classification number | 362.196/834 |
| 100 1# - MAIN ENTRY--AUTHOR NAME | |
| Personal name | Rumrill, Phillip D. |
| 245 10 - TITLE STATEMENT | |
| Title | Employment issues and multiple sclerosis |
| 250 ## - EDITION STATEMENT | |
| Edition statement | 2nd ed. |
| 260 ## - PUBLICATION, DISTRIBUTION, ETC. (IMPRINT) | |
| Place of publication | New York : |
| Name of publisher | Demos Health ; |
| Place of publication | Berkeley, Calif. : |
| Name of publisher | Distributed to the trade by Publishers Group West, |
| Year of publication | c2008. |
| 300 ## - PHYSICAL DESCRIPTION | |
| Number of Pages | xiv, 246 p. |
| 505 0# - FORMATTED CONTENTS NOTE | |
| Formatted contents note | Overview of multiple sclerosis / Mary L. Hennessey and Phillip D. Rumrill, Jr -- Factors associated with employment status / Phillip D. Rumrill, Jr. and Mary L. Hennessey -- Vocational assessment strategies / Richard T. Roessler -- Employment and career development interventions / Steven W. Nissen, Phillip D. Rumrill, Jr., and Mary L. Hennessey -- Employment and the Americans with Disabilities Act / Mary L. Hennessey and Phillip D. Rumrill, Jr -- Federal laws concerning continuation of benefits, health insurance portability, and family and medical leave / Kimberly Calder -- Social security disability benefits / Steven W. Nissen, Phillip D. Rumrill, Jr., and Mary L. Hennessey -- An employment perspective from the National Multiple Sclerosis Society / Steven W. Nissen -- Policy, programming, and research recommendations to improve the employment prospects of people with multiple sclerosis / Phillip D. Rumrill, Jr. |
| 650 #0 - SUBJECT ADDED ENTRY--TOPICAL TERM | |
| Topical Term | Multiple sclerosis |
| 700 1# - ADDED ENTRY--PERSONAL NAME | |
| Personal name | Hennessey, Mary L. |
| Personal name | Nissen, Steven W. |
| 856 40 - ELECTRONIC LOCATION AND ACCESS | |
| Uniform Resource Identifier | http://site.ebrary.com/lib/rucke/Doc?id=10288124 |
No items available.
